logo

Bir Sreshtho Munshi Abdur Rouf Library
Jhenaidah Cadet College

The great divide : (Record no. 7407)

MARC details
000 -LEADER
fixed length control field 00819nam a2200265 a 4500
001 - CONTROL NUMBER
JCCL Control Number 7407
003 - CONTROL NUMBER IDENTIFIER
JCCL marc code BD - JhCC
005 - DATE AND TIME OF LATEST TRANSACTION
control field 20180212110824.0
008 - FIXED-LENGTH DATA ELEMENTS--GENERAL INFORMATION
fixed length control field 900714r19851969ii c 001 0 eng d
020 ## - INTERNATIONAL STANDARD BOOK NUMBER
International Standard Book Number 0195773403
035 ## - SYSTEM CONTROL NUMBER
system control number (BD - JhCC)7407
040 ## - CATALOGING SOURCE
Original cataloging agency BD-JhCC
Modifying agency BD-JhCC
041 ## - LANGUAGE CODE
Language code of Book eng
050 #0 - LIBRARY OF CONGRESS CALL NUMBER
Classification number DS480.83
082 ## - DEWEY DECIMAL CLASSIFICATION NUMBER
Classification number 954.03/59
DDC Edition number 19
Author mark and Year HOD 1999
100 1# - MAIN ENTRY--PERSONAL NAME
Personal name Hodson, H. V.
Fuller form of name (Henry Vincent),
Dates associated with a name 1906-1999
245 14 - TITLE STATEMENT
Title The great divide :
Remainder of title Britain - India - Pakistan /
Statement of responsibility, etc H.V. Hodson ;
260 ## - PUBLICATION, DISTRIBUTION, ETC. (IMPRINT)
Place of publication, distribution, etc Karachi ;
-- Oxford :
Name of publisher, distributor, etc Oxford University Press,
Date of publication, distribution, etc 1985
300 ## - PHYSICAL DESCRIPTION
Pagination xii, 590 p, [5] p of plates,
Other physical details ports ;
Dimensions 23 cm
500 ## - GENERAL NOTE
General note Includes index
500 ## - GENERAL NOTE
General note Originally published: London : Hutchinson, 1969
651 #0 - SUBJECT ADDED ENTRY--GEOGRAPHIC NAME
Geographic name India
General subdivision Politics and government
Chronological subdivision 1919-1947
942 ## - ADDED ENTRY ELEMENTS (KOHA)
Source of classification or shelving scheme Dewey Decimal Classification
Koha item type Books
Holdings
Source of classification or shelving scheme Damaged status Not for loan Home library Current library Shelving location Total Checkouts Full call number Barcode Date last seen Copy number Koha item type
Dewey Decimal Classification     JCC Rouf Library JCC Rouf Library General Stacks   954.03/59 HOD 1999 10050 02/08/2018 C - 1 Books

JCC Library | Contacts | JCC Home

Last Update on 23 September 2017
Copyright @ 2017-2020 JCC Rouf Library
Rouf Library, Jhenidah Cadet College (JCC), Bangladesh